| 000 | 00000nam 2200000za 4500 |
| 001 | 9.840280 |
| 003 | CaOODSP |
| 005 | 20221107151814 |
| 007 | cr ||||||||||| |
| 008 | 170725q2016 onc |o f|0| 0 fre d |
| 040 | |aCaOODSP|bfre |
| 043 | |an-cn--- |
| 086 | 1 |aT86-28/2016F-PDF |
| 245 | 00|aCANUTEC |h[ressource électronique] : |bCentre canadien d'urgence transport. |
| 260 | |aOttawa : |bTransports Canada, |c[2016]. |
| 300 | |a4 p. |
| 500 | |aPubl. aussi en anglais sous le titre : CANUTEC: Canadian Transport Emergency Centre. |
| 500 | |aTitre de la couv. |
| 500 | |a« Transport de marchandises dangereuses. »--Couv. |
| 520 | |a« CANUTEC est le Centre canadien d'urgence transport de Transports Canada. Le personnel du Centre traite près de 1000 situations d'urgence et répond à plus de 22 000 appels téléphoniques chaque année! »--p. 2. |
| 692 | 07|2gccst|aTransport des matières dangereuses |
| 692 | 07|2gccst|aServices d'urgence |
| 710 | 1 |aCanada. |bTransports Canada. |
| 775 | 08|tCANUTEC |w(CaOODSP)9.840273 |
| 856 | 40|qPDF|s1.31 Mo|uhttps://publications.gc.ca/collections/collection_2017/tc/T86-28-2016-fra.pdf |